000 00395nam a2200145 a 4500
001 000008128
005 20200929154439.0
008 090915s2001 000 spa d
040 _aDO-SdBNP
082 _axxx
_bP192p
100 1 _aPaniagua, A.D.A
_922067
245 1 0 _aPsiquis romántica :
_bensayos /
_cAlejandro Darío Altagracia Paniagua.
260 _aSanto Domingo:,
_c2001.
049 _aBNPD
999 _c7905
_d7905